000 00716nam a2200253Ia 4500
003 OSt
005 20220928112151.0
006 a|||||r|||| 00| 0
007 ta
008 220927b |||||||| |||| 00| 0 eng d
024 _a10044
037 _cTextual
040 _aSDCL
_cSDCL
_beng
041 _2eng
_aeng
082 _aX652, P6
100 _aChacko George
_9426581
245 0 _aCredit derivatives
_bA primer on credit risk,modeling,and instruments
260 _aIndia
_bDorling Kindersley
_c2006
300 _aix,256p
_ccm.
650 _aDerivatives
700 _a Sjoman Anders
_9426582
942 _hX652, P6
_cTEXL
_2CC
999 _c743508
_d743508